| 000 | 00924nam a2200241 a 4500 | ||
|---|---|---|---|
| 005 | 20250611063906.0 | ||
| 008 | 190118s2015 mx r 000 0 spa d | ||
| 020 | _a9786074484823 | ||
| 035 | _aUPN01000228480 | ||
| 049 | _aCG | ||
| 050 | 4 |
_aLB3013.34 M6 _bO7.2 |
|
| 100 | 1 |
_aOrozco Guzmán, Mario _942506 |
|
| 245 | 1 | 0 |
_aBullying : _bestampas infantiles de la violencia escolar : exploraciones psicológicas / _cMario Orozco Guzmán, Ana María Méndez Puga, Yolanda Elena García Martínez. |
| 260 |
_aMéxico : _bUniversidad Michoacana de San Nicolás de Hidalgo : _bEl Manual Moderno, _c2015. |
||
| 300 |
_a179 p. : _bil., cuadros, gráfs. |
||
| 650 | 4 |
_aViolencia escolar _zMéxico _918498 |
|
| 650 | 4 |
_aAcoso en las escuelas _91650 |
|
| 650 | 2 |
_aAmbiente escolar _92794 |
|
| 700 | 1 |
_aMéndez Puga, Ana María, _ecoaut. |
|
| 700 | 1 |
_aGarcía Martínez, Yolanda Elena, _ecoaut. |
|
| 905 | _aLibro | ||
| 999 |
_c200575 _d200575 |
||